Fundamentals of Human Communication: Social Science in Everyday Life (Record no. 5096)

MARC details
005 - DATE AND TIME OF LATEST TRANSACTION
control field 20250625140736.0
020 ## - INTERNATIONAL STANDARD BOOK NUMBER
International Standard Book Number 0-07-286293-9
082 ## - DEWEY DECIMAL CLASSIFICATION NUMBER
Classification number 302.2 DeF
100 ## - MAIN ENTRY--PERSONAL NAME
Author name DeFLEUR, H . M
245 ## - TITLE STATEMENT
Title Fundamentals of Human Communication: Social Science in Everyday Life
250 ## - EDITION STATEMENT
Edition statement 3rd Ed.
260 ## - PUBLICATION, DISTRIBUTION, ETC.
Place of publication, distribution, etc. Boston
Name of publisher, distributor, etc. McGraw-Hill Irwin
Date of publication, distribution, etc. 2005.
300 ## - PHYSICAL DESCRIPTION
Extent xv,454p.: ill.; figures
Other physical details Index, Glossary
Dimensions 23cm
700 ## - ADDED ENTRY--PERSONAL NAME
Other authors/Editors Patricia Kearney
700 ## - ADDED ENTRY--PERSONAL NAME
Other authors/Editors Timothy G. Plax
700 ## - ADDED ENTRY--PERSONAL NAME
Other authors/Editors Melvin L. DeFleur
942 ## - ADDED ENTRY ELEMENTS (KOHA)
Source of classification or shelving scheme Dewey Decimal Classification
Koha item type Books
Holdings
Date last seen Total checkouts Full call number Barcode Price effective from Koha item type Lost status Source of classification or shelving scheme Damaged status Not for loan Withdrawn status Home library Current library Shelving location Date acquired Source of acquisition
06/25/2025   302.2 DeF MZA0002224 06/25/2025 Books   Dewey Decimal Classification       CBE Mwanza CBE Mwanza General Collection 07/21/2019 Library Budget
06/25/2025   302.2 DeF MZA0002225 06/25/2025 Books   Dewey Decimal Classification       CBE Mwanza CBE Mwanza General Collection 07/21/2019 Library Budget